ბათუმის შოთა რუსთაველის სახელმწიფო უნივერსიტეტის ბიბლიოთეკა

ისინდი: სპორტული ალმანახი (ბიბ.ჩანაწერი № 42077)

000 -LEADER
fixed length control field 00674nam a2200205Ia 4500
001 - CONTROL NUMBER
control field 8767
003 - CONTROL NUMBER IDENTIFIER
control field GE_BSU
008 - FIXED-LENGTH DATA ELEMENTS--GENERAL INFORMATION
fixed length control field 181216s||||||||xx |||||||||||||| ||und||
040 ## - CATALOGING SOURCE
Transcribing agency GE_BSU
080 ## - UNIVERSAL DECIMAL CLASSIFICATION NUMBER
Universal Decimal Classification number 796
245 ## - TITLE STATEMENT
Title ისინდი: სპორტული ალმანახი
245 ## - TITLE STATEMENT
Statement of responsibility, etc. შემდგ: ი.უგულავა; რედ: ც.ცერცვაძე; ილ: ი.ქლიბაძე.
260 ## - PUBLICATION, DISTRIBUTION, ETC.
Place of publication, distribution, etc. თბილისი
260 ## - PUBLICATION, DISTRIBUTION, ETC.
Name of publisher, distributor, etc. ნაკადული
260 ## - PUBLICATION, DISTRIBUTION, ETC.
Date of publication, distribution, etc. 1966
300 ## - PHYSICAL DESCRIPTION
Extent 194გვ; ილ: 22სმ.
653 ## - INDEX TERM--UNCONTROLLED
Uncontrolled term ისინდი
653 ## - INDEX TERM--UNCONTROLLED
Uncontrolled term სპორტული ალმანახი
942 ## - ADDED ENTRY ELEMENTS (KOHA)
Koha item type წიგნი
ეგზემპლარები
Withdrawn status Lost status Damaged status Not for loan Date acquired Barcode Date last seen Price effective from Koha item type
        2018-12-17 31120 2018-12-17 2018-12-17 წიგნი
        2018-12-17 31121 2018-12-17 2018-12-17 წიგნი